01040nabaa22001697a 4500003000400000005001700004008004100021040000700062100002500069245015600094300001300250505034400263505009000607650002700697650003100724773011500755OSt20260122083623.0190701b xxu||||| |||| 00| 0 spa d cPJ aMeneses, Erick Cuba 10aNotas sobre la responsabilidad patrimonial de la administración : bla falta de servicio como factor de atribución objetivo /cErick Cuba Meneses.  ap. 28-41 aSumario: I. Introducción.— II. Los primeros caminos de la responsabilidad de la Administración: la derrota del Estado irresponsable.—III. La falta de servicio es un factor de atribución objetivo.— IV. La responsabilidad patrimonial de la Administración y la responsabilidad civil.— V. Conclusiones.— VI. Bibliografía.  t¿Te interesa el texto completo? Comunicate al correo: koha@justierradelfuego.gov.ar  0aDERECHO ADMINISTRATIVO 0aRESPONSABILIDAD DEL ESTADO0 02842dBuenos Aires : AbeledoPerrot, 2012-oDA121tDerecho administrativo. Nº 145 enero/febrero 2023z18510590